July 28th: Birthdays - Statistics

General Stats
  • This quiz has been taken 3 times
  • The average score is 4 of 12
Answer Stats
Year Clue Answer % Correct
1866 Wrote The Tale of Peter Rabbit Beatrix Potter
100%
1954 President of Venezuela Hugo Chávez
67%
1929 US First Lady Jacqueline Kennedy Onassis
67%
1938 President of Peru Alberto Fujimori
33%
1945 Created Garfield Jim Davis
33%
1983 President of Venezuela Juan Guaidó
33%
1887 Painted Nude Descending a Staircase Marcel Duchamp
33%
1971 Leader of Islamic State Abu Bakr al-Baghdadi
0%
1974 Prime Minister of Greece Alexis Tsipras
0%
1943 US Senator Bill Bradley
0%
1902 Wrote Logic of Forschung Karl Popper
0%
1879 Women's Rights advocate Lucy Burns
0%
No matching quizzes found
Score Distribution
Percent of People with Each Score
Percentile by Number Answered
Your Score History
You have not taken this quiz